[Event "Sparkassen-Open A"]
[Site "Heusenstamm, Martinsee"]
[Date "2021.11.21"]
[Round "6.5"]
[White "Karsay, Pascal"]
[Black "Neukirchner, Pascal"]
[Result "1/2-1/2"]
[WhiteElo "2309"]
[BlackElo "2230"]
[PlyCount "130"]
[EventDate "2021.??.??"]
[WhiteTeam "SV Worms 1878"]
[BlackTeam "SK Gründau"]

{[%evp 0,12,17,15,53,17,31,17,20,21,7,15,18,-4,6]} 1. Nf3 c5 {[%emt 0:02:13]}
2. c4 {[%emt 0:04:47]} Nf6 {[%emt 0:00:27]} 3. Nc3 {[%emt 0:01:23]} Nc6 {
[%emt 0:00:32]} 4. e3 {[%emt 0:00:13]} e6 {[%emt 0:02:44]} 5. d4 {[%emt 0:00:
20]} d5 {[%emt 0:00:23]} 6. cxd5 {[%emt 0:00:33]} exd5 {[%emt 0:08:31]} 7. Bb5
{[%emt 0:00:51]} a6 {[%emt 0:00:34]} 8. Bxc6+ {[%emt 0:00:26]} bxc6 9. dxc5 {
[%emt 0:04:58]} Bxc5 {[%emt 0:01:35]} 10. O-O {[%emt 0:00:16]} O-O {[%emt 0:00:
58]} 11. b3 {[%emt 0:00:23]} Bg4 {[%emt 0:04:07]} 12. Bb2 {[%emt 0:00:48]} Qe7
{[%emt 0:03:50]} 13. Ne2 {[%emt 0:15:20]} Bd6 {[%emt 0:11:07]} 14. h3 {[%emt 0:
10:51]} Bxf3 {[%emt 0:04:59]} 15. gxf3 {[%emt 0:00:43]} Qe6 {[%emt 0:01:48]}
16. f4 {[%emt 0:09:05]} Nh5 {[%emt 0:13:31]} 17. Kh2 {[%emt 0:00:37]} Rfe8 {
[%emt 0:00:10]} 18. Nd4 {[%emt 0:01:26]} Qh6 {[%emt 0:06:18]} 19. Nf5 {[%emt 0:
06:10]} Bxf4+ {[%emt 0:00:13]} 20. exf4 {[%emt 0:04:30]} Qxf4+ {[%emt 0:00:11]}
21. Ng3 {[%emt 0:00:09]} Nf6 {[%emt 0:01:25]} 22. Qc1 {[%emt 0:04:46]} Qd6 {
[%emt 0:05:48]} 23. Qc3 {[%emt 0:02:33]} c5 {[%emt 0:02:27]} 24. Rae1 {[%emt 0:
02:09]} d4 {[%emt 0:00:54]} 25. Qf3 {[%emt 0:00:51]} a5 {[%emt 0:01:43]} 26.
Kg2 {[%emt 0:02:47]} a4 {[%emt 0:03:38]} 27. Nf5 {[%emt 0:01:13]} Qd7 {[%emt 0:
04:40]} 28. Re7 {[%emt 0:02:27]} Qd5 {[%emt 0:00:36]} 29. Qxd5 {[%emt 0:00:34]}
Nxd5 {[%emt 0:00:31]} 30. Rxe8+ {[%emt 0:07:05]} Rxe8 {[%emt 0:00:03]} 31. Ba3
{[%emt 0:02:50]} g6 {[%emt 0:07:04]} 32. Nd6 {[%emt 0:02:56]} Re2 {[%emt 0:01:
18]} 33. Bxc5 {[%emt 0:01:39]} Rxa2 {[%emt 0:00:43]} 34. Bxd4 {[%emt 0:01:06]}
axb3 {[%emt 0:00:10]} 35. Re1 {[%emt 0:06:29]} Nf4+ {[%emt 0:00:31]} 36. Kf3
Ne6 37. Bf6 {[%emt 0:00:30]} b2 {[%emt 0:03:16]} 38. Rb1 {[%emt 0:03:22]} Ra3+
39. Kg2 {[%emt 0:01:50]} Nf4+ {[%emt 0:00:23]} 40. Kg1 {[%emt 0:00:38]} Nxh3+ {
[%emt 0:01:33]} 41. Kh2 {[%emt 0:01:31]} Nxf2 {[%emt 0:02:46]} 42. Kg2 {
[%emt 0:03:12]} Nd3 {[%emt 0:02:15]} 43. Nc4 {[%emt 0:01:28]} Ra6 {[%emt 0:02:
13]} 44. Bxb2 {[%emt 0:03:09]} Ra2 {[%emt 0:01:31]} 45. Kf3 {[%emt 0:02:07]}
Nxb2 {[%emt 0:00:11]} 46. Nxb2 {[%emt 0:01:29]} Ra3+ {[%emt 0:00:08]} 47. Ke4 {
[%emt 0:00:44]} Rb3 {[%emt 0:00:16]} 48. Kd4 {[%emt 0:00:23]} Kg7 {[%emt 0:00:
17]} 49. Kc4 {[%emt 0:00:03]} Rb7 {[%emt 0:01:03]} 50. Kc3 h5 {[%emt 0:02:32]}
51. Rf1 {[%emt 0:00:30]} f5 {[%emt 0:06:46]} 52. Nc4 {[%emt 0:00:23]} Kf6 {
[%emt 0:01:02]} 53. Kd4 {[%emt 0:01:05]} Re7 {[%emt 0:00:36]} 54. Ne3 {[%emt 0:
00:34]} Re4+ {[%emt 0:01:04]} 55. Kd3 h4 {[%emt 0:02:01]} 56. Nd5+ {[%emt 0:01:
15]} Kg5 {[%emt 0:00:34]} 57. Ne3 {[%emt 0:00:25]} h3 {[%emt 0:03:16]} 58. Rg1+
{[%emt 0:02:07]} Kh5 {[%emt 0:02:11]} 59. Nf1 {[%emt 0:03:43]} Rg4 {[%emt 0:06:
00]} 60. Rxg4 {[%emt 0:01:00]} Kxg4 {[%emt 0:00:41]} 61. Ke3 f4+ {[%emt 0:00:
33]} 62. Kf2 {[%emt 0:00:14]} g5 {[%emt 0:00:33]} 63. Nh2+ {[%emt 0:00:10]} Kf5
{[%emt 0:01:15]} 64. Kf3 {[%emt 0:00:35]} Ke5 {[%emt 0:00:22]} 65. Kg4 {
[%emt 0:00:08]} Ke4 {[%emt 0:00:26]} 1/2-1/2

[Event "Sparkassen-Open A"]
[Site "Heusenstamm, Martinsee"]
[Date "2021.11.21"]
[Round "6.6"]
[White "Schulze, Lara"]
[Black "Hommer, Jeremy"]
[Result "0-1"]
[WhiteElo "2294"]
[BlackElo "2171"]
[PlyCount "42"]
[EventDate "2021.??.??"]
[WhiteTeam "SV Werder Bremen"]
[BlackTeam "Hamburger SK"]

{[%evp 0,13,17,17,67,67,70,67,60,35,49,13,34,36,36,36]} 1. e4 c6 {[%emt 0:00:
42]} 2. d4 {[%emt 0:00:03]} d5 {[%emt 0:00:07]} 3. e5 {[%emt 0:00:04]} Bf5 {
[%emt 0:00:18]} 4. h4 {[%emt 0:00:03]} h5 {[%emt 0:00:04]} 5. c4 {[%emt 0:00:
06]} dxc4 {[%emt 0:00:42]} 6. Bxc4 {[%emt 0:00:15]} e6 {[%emt 0:00:21]} 7. Nc3
{[%emt 0:00:39]} Nd7 {[%emt 0:00:07]} 8. Nge2 {[%emt 0:00:09]} Be7 {[%emt 0:00:
36]} 9. Nf4 {[%emt 0:04:23]} Qb6 {[%emt 0:01:09]} 10. Be3 {[%emt 0:17:53]} Qxb2
{[%emt 0:13:08]} 11. Rc1 {[%emt 0:12:53]} O-O-O {[%emt 0:04:12]} 12. Bd3 {
[%emt 0:14:57]} Nh6 {[%emt 0:15:47]} 13. O-O {[%emt 0:04:20]} Kb8 {[%emt 0:12:
26]} 14. Ne4 {[%emt 0:09:35]} Nxe5 {[%emt 0:16:10]} 15. dxe5 {[%emt 0:05:54]}
Bxe4 {[%emt 0:01:29]} 16. Qa4 {[%emt 0:02:01]} Bxd3 {[%emt 0:00:17]} 17. Qxa7+
{[%emt 0:04:53]} Kc8 {[%emt 0:04:07]} 18. Rxc6+ {[%emt 0:10:13]} bxc6 {[%emt 0:
01:26]} 19. Bb6 {[%emt 0:00:48]} Qxe5 {[%emt 0:02:13]} 20. Nxd3 {[%emt 0:04:09]
} Qb8 {[%emt 0:01:38]} 21. Qa6+ {[%emt 0:02:21]} Qb7 {[%emt 0:00:11]} 0-1

[Event "Sparkassen-Open A"]
[Site "Heusenstamm, Martinsee"]
[Date "2021.11.21"]
[Round "6.7"]
[White "Lesny, Florian"]
[Black "Cofmann, Veaceslav"]
[Result "1/2-1/2"]
[WhiteElo "2143"]
[BlackElo "2288"]
[PlyCount "129"]
[EventDate "2021.??.??"]
[WhiteTeam "SK Niederbrechen"]
[BlackTeam "SC Eppingen"]

{[%evp 0,13,17,17,40,29,29,2,2,-3,11,7,18,-3,7,2]} 1. e4 e6 {[%emt 0:00:10]} 2.
d4 {[%emt 0:00:21]} d5 3. e5 {[%emt 0:00:04]} c5 4. c3 {[%emt 0:00:07]} Qb6 5.
Nf3 {[%emt 0:00:10]} Bd7 {[%emt 0:00:26]} 6. a3 {[%emt 0:00:07]} a5 {[%emt 0:
00:20]} 7. Bd3 {[%emt 0:06:49]} a4 {[%emt 0:01:21]} 8. O-O {[%emt 0:01:13]} Bb5
{[%emt 0:02:37]} 9. dxc5 {[%emt 0:12:41]} Bxc5 {[%emt 0:00:32]} 10. Bxb5+ {
[%emt 0:00:33]} Qxb5 {[%emt 0:00:08]} 11. Nd4 {[%emt 0:01:04]} Qa6 {[%emt 0:06:
53]} 12. Be3 {[%emt 0:04:43]} Nd7 {[%emt 0:00:41]} 13. Qg4 {[%emt 0:05:44]} Bf8
{[%emt 0:00:28]} 14. Qg3 {[%emt 0:04:23]} Ne7 {[%emt 0:04:29]} 15. Nd2 {
[%emt 0:04:23]} Qd3 {[%emt 0:01:13]} 16. Rfd1 {[%emt 0:03:46]} Nf5 {[%emt 0:04:
14]} 17. Nxf5 {[%emt 0:01:37]} Qxf5 {[%emt 0:00:14]} 18. Bd4 {[%emt 0:01:31]}
b5 {[%emt 0:03:07]} 19. Nf3 {[%emt 0:09:06]} Qg6 {[%emt 0:04:43]} 20. Qf4 {
[%emt 0:01:32]} Nc5 {[%emt 0:07:17]} 21. Bxc5 {[%emt 0:01:31]} Bxc5 {[%emt 0:
00:23]} 22. Nd4 {[%emt 0:01:00]} Bxd4 {[%emt 0:00:29]} 23. cxd4 {[%emt 0:05:01]
} Rc8 {[%emt 0:01:05]} 24. Rac1 {[%emt 0:08:06]} Rc4 {[%emt 0:00:27]} 25. Rc3 {
[%emt 0:06:36]} O-O {[%emt 0:02:36]} 26. Rg3 {[%emt 0:06:19]} Qh5 {[%emt 0:00:
15]} 27. Rf1 {[%emt 0:01:14]} Kh8 {[%emt 0:02:52]} 28. b3 {[%emt 0:02:37]} Rcc8
{[%emt 0:02:48]} 29. bxa4 {[%emt 0:03:03]} bxa4 {[%emt 0:00:08]} 30. h4 {
[%emt 0:00:58]} h6 {[%emt 0:00:36]} 31. Rb1 {[%emt 0:01:00]} Rc7 {[%emt 0:04:
57]} 32. Rf3 {[%emt 0:01:22]} Rfc8 {[%emt 0:03:58]} 33. Kh2 {[%emt 0:00:57]}
Kg8 {[%emt 0:00:16]} 34. Rg3 {[%emt 0:00:49]} Kh7 {[%emt 0:01:33]} 35. Rh3 {
[%emt 0:01:49]} Qg6 {[%emt 0:05:55]} 36. Rb4 {[%emt 0:01:24]} Rc4 {[%emt 0:02:
15]} 37. Rb7 {[%emt 0:01:22]} R8c7 {[%emt 0:01:37]} 38. Rxc7 {[%emt 0:00:51]}
Rxc7 {[%emt 0:00:11]} 39. Rg3 {[%emt 0:01:15]} Qh5 {[%emt 0:00:16]} 40. Rh3 {
[%emt 0:00:46]} Rb7 {[%emt 0:07:36]} 41. Qd2 {[%emt 0:05:32]} Qf5 {[%emt 0:01:
13]} 42. Rf3 {[%emt 0:04:39]} Qb1 {[%emt 0:01:32]} 43. h5 {[%emt 0:03:23]} Rb2
{[%emt 0:12:32]} 44. Qf4 {[%emt 0:02:50]} Rb7 {[%emt 0:01:01]} 45. Qd2 {
[%emt 0:00:03]} Qe4 {[%emt 0:01:11]} 46. Rf4 {[%emt 0:04:02]} Rb2 {[%emt 0:00:
41]} 47. Qxb2 {[%emt 0:00:57]} Qxf4+ {[%emt 0:00:10]} 48. g3 {[%emt 0:03:56]}
Qf5 {[%emt 0:01:28]} 49. Qe2 {[%emt 0:00:24]} Qb1 {[%emt 0:01:05]} 50. Qf3 {
[%emt 0:03:49]} Kg8 {[%emt 0:00:26]} 51. Kg2 {[%emt 0:01:09]} Qb3 {[%emt 0:00:
14]} 52. Qe3 {[%emt 0:00:27]} Qc2 {[%emt 0:02:59]} 53. Qf3 {[%emt 0:00:23]} Kf8
{[%emt 0:00:30]} 54. Kg1 {[%emt 0:02:01]} Qb3 {[%emt 0:02:05]} 55. Kg2 {
[%emt 0:00:59]} Qb2 {[%emt 0:00:32]} 56. Qd3 {[%emt 0:00:33]} Kg8 {[%emt 0:01:
45]} 57. Kf1 {[%emt 0:01:08]} Qc1+ {[%emt 0:00:40]} 58. Ke2 {[%emt 0:00:31]}
Qb2+ {[%emt 0:00:58]} 59. Kf1 {[%emt 0:00:28]} Kh8 {[%emt 0:00:50]} 60. Ke1 {
[%emt 0:00:16]} Qa1+ {[%emt 0:00:28]} 61. Ke2 {[%emt 0:00:14]} Qh1 {[%emt 0:00:
31]} 62. Qf3 {[%emt 0:00:15]} Qb1 {[%emt 0:01:39]} 63. Qxf7 {[%emt 0:00:14]}
Qe4+ {[%emt 0:00:04]} 64. Kf1 {[%emt 0:00:18]} Qh1+ {[%emt 0:00:08]} 65. Ke2
1/2-1/2

[Event "Sparkassen-Open A"]
[Site "Heusenstamm, Martinsee"]
[Date "2021.11.21"]
[Round "6.8"]
[White "Poetsch, Hagen"]
[Black "Laux, Dominik"]
[Result "1-0"]
[WhiteElo "2513"]
[BlackElo "2205"]
[PlyCount "67"]
[EventDate "2021.??.??"]
[WhiteTeam "SC Heusenstamm"]
[BlackTeam "SV Hofheim"]

{[%evp 0,67,17,15,15,-9,-6,-6,-12,-12,3,-17,13,-11,1,3,13,13,50,61,57,56,81,83,
66,49,49,55,61,84,64,74,62,66,63,76,70,70,70,86,69,83,77,77,74,67,85,87,74,87,
96,71,76,55,115,125,146,162,179,181,179,149,163,182,330,332,332,340,348,353]} 
1. Nf3 {[%emt 0:00:09]} d5 {[%emt 0:02:26]} 2. g3 {[%emt 0:00:42]} Nf6 {
[%emt 0:01:58]} 3. Bg2 Bf5 {[%emt 0:01:05]} 4. O-O {[%emt 0:03:32]} e6 {
[%emt 0:01:28]} 5. d3 {[%emt 0:00:06]} h6 {[%emt 0:02:23]} 6. Nbd2 {[%emt 0:00:
49]} Be7 {[%emt 0:02:27]} 7. b3 {[%emt 0:05:14]} O-O {[%emt 0:05:50]} 8. Bb2 c5
{[%emt 0:02:31]} 9. Ne5 {[%emt 0:03:33]} Bh7 {[%emt 0:05:51]} 10. e4 {[%emt 0:
11:54]} Qc7 {[%emt 0:07:03]} 11. exd5 {[%emt 0:07:15]} exd5 {[%emt 0:04:19]}
12. Re1 {[%emt 0:02:10]} Nc6 {[%emt 0:10:40]} 13. Ng4 {[%emt 0:08:03]} Nxg4 {
[%emt 0:02:58]} 14. Qxg4 {[%emt 0:00:36]} d4 {[%emt 0:00:39]} 15. Bxc6 {
[%emt 0:01:41]} bxc6 {[%emt 0:00:08]} 16. Nc4 {[%emt 0:00:51]} Rfe8 {[%emt 0:
19:39]} 17. Bc1 {[%emt 0:03:15]} Qc8 {[%emt 0:02:16]} 18. Qxc8 {[%emt 0:06:30]}
Raxc8 {[%emt 0:00:20]} 19. Bf4 {[%emt 0:00:10]} Bf8 {[%emt 0:03:48]} 20. Nd6 {
[%emt 0:05:33]} Rxe1+ {[%emt 0:02:13]} 21. Rxe1 {[%emt 0:00:27]} Ra8 {[%emt 0:
00:27]} 22. Nb7 {[%emt 0:09:52]} Bf5 {[%emt 0:05:18]} 23. Bd6 {[%emt 0:01:43]}
Bxd6 {[%emt 0:02:36]} 24. Nxd6 {[%emt 0:00:20]} Be6 {[%emt 0:00:29]} 25. Re5 {
[%emt 0:04:04]} Bd5 {[%emt 0:01:58]} 26. f4 {[%emt 0:08:24]} Rb8 {[%emt 0:03:
57]} 27. Re7 {[%emt 0:03:24]} a5 {[%emt 0:01:16]} 28. Ra7 {[%emt 0:00:55]} a4 {
[%emt 0:01:39]} 29. Rxa4 {[%emt 0:00:43]} Rd8 {[%emt 0:00:54]} 30. Nb7 {
[%emt 0:01:35]} Re8 {[%emt 0:00:36]} 31. Kf2 {[%emt 0:00:14]} Re3 {[%emt 0:02:
55]} 32. Nxc5 Rf3+ 33. Ke2 {[%emt 0:00:50]} Re3+ {[%emt 0:00:06]} 34. Kd2 {
[%emt 0:00:32]} 1-0

[Event "Sparkassen-Open A"]
[Site "Heusenstamm, Martinsee"]
[Date "2021.11.21"]
[Round "6.9"]
[White "Chandler, Patrick"]
[Black "Krassowizkij, Jaroslaw"]
[Result "0-1"]
[WhiteElo "2176"]
[BlackElo "2458"]
[PlyCount "80"]
[EventDate "2021.??.??"]
[WhiteTeam "SV Oberursel"]
[BlackTeam "TSV Schönaich"]

{[%evp 0,9,17,15,15,-51,3,-19,-5,-12,-1,-43]} 1. Nf3 {[%emt 0:26:13]} d5 {
[%emt 0:07:50]} 2. b4 Bg4 3. Bb2 {[%emt 0:02:03]} Bxf3 {[%emt 0:02:01]} 4. gxf3
e6 5. f4 Nf6 6. a3 {[%emt 0:00:06]} g6 7. e3 {[%emt 0:04:14]} Bg7 8. d3 O-O {
[%emt 0:00:41]} 9. Nd2 {[%emt 0:05:14]} a5 10. Nb3 axb4 {[%emt 0:02:32]} 11.
axb4 Nc6 12. b5 {[%emt 0:00:11]} Ne7 {[%emt 0:00:57]} 13. Be2 {[%emt 0:00:18]}
Nf5 {[%emt 0:09:48]} 14. O-O {[%emt 0:02:16]} Qe7 {[%emt 0:06:46]} 15. Qd2 {
[%emt 0:03:43]} Ng4 {[%emt 0:10:43]} 16. Bxg4 {[%emt 0:03:15]} Bxb2 17. Rxa8 {
[%emt 0:00:54]} Rxa8 18. Bxf5 {[%emt 0:00:55]} exf5 {[%emt 0:00:19]} 19. d4 {
[%emt 0:00:47]} Qa3 {[%emt 0:13:39]} 20. Rb1 {[%emt 0:00:22]} Qa2 {[%emt 0:00:
56]} 21. Qd1 {[%emt 0:03:49]} b6 {[%emt 0:01:39]} 22. Nd2 {[%emt 0:05:12]} Ra5
23. Nf3 Rxb5 {[%emt 0:00:27]} 24. Ne5 {[%emt 0:01:41]} Kg7 {[%emt 0:18:32]} 25.
Kg2 {[%emt 0:01:43]} Ra5 {[%emt 0:04:26]} 26. Nd3 {[%emt 0:01:11]} Ba3 {
[%emt 0:00:56]} 27. Ra1 {[%emt 0:07:15]} Qc4 {[%emt 0:01:01]} 28. Ne5 {[%emt 0:
00:27]} Qc3 {[%emt 0:03:56]} 29. Rb1 {[%emt 0:00:30]} Bd6 {[%emt 0:00:07]} 30.
Rb3 {[%emt 0:01:38]} Ra1 {[%emt 0:00:53]} 31. Rxc3 {[%emt 0:02:13]} Rxd1 {
[%emt 0:00:36]} 32. Rc6 {[%emt 0:01:05]} Kf6 {[%emt 0:06:27]} 33. c4 {[%emt 0:
02:01]} dxc4 {[%emt 0:00:58]} 34. Rxc4 {[%emt 0:00:05]} Ke6 {[%emt 0:00:57]}
35. Nf3 {[%emt 0:00:46]} b5 {[%emt 0:02:28]} 36. Rc2 {[%emt 0:00:09]} Kd5 {
[%emt 0:01:14]} 37. Nd2 {[%emt 0:01:08]} Bb4 {[%emt 0:01:30]} 38. Nf3 {[%emt 0:
00:53]} Bd6 {[%emt 0:01:10]} 39. Nd2 {[%emt 0:00:04]} b4 {[%emt 0:01:37]} 40.
f3 {[%emt 0:00:55]} Rxd2+ {[%emt 0:05:44]} 0-1

[Event "Sparkassen-Open A"]
[Site "Heusenstamm, Martinsee"]
[Date "2021.11.21"]
[Round "6.10"]
[White "Milov, Leonid"]
[Black "Hagner, Bennet"]
[Result "1-0"]
[WhiteElo "2450"]
[BlackElo "2096"]
[PlyCount "95"]
[EventDate "2021.??.??"]
[WhiteTeam "SC Noris-Tarrasch Nürnberg"]
[BlackTeam "Frankfurter TV"]

{[%evp 0,28,17,17,67,70,67,41,41,41,41,31,31,15,34,36,36,36,42,28,28,34,32,38,
30,29,29,19,24,13,22]} 1. e4 {[%emt 0:00:19]} c6 2. d4 {[%emt 0:00:10]} d5 3.
Nd2 {[%emt 0:00:08]} dxe4 {[%emt 0:00:12]} 4. Nxe4 {[%emt 0:00:04]} Nf6 {
[%emt 0:00:09]} 5. Nxf6+ {[%emt 0:01:39]} exf6 {[%emt 0:00:36]} 6. c3 {[%emt 0:
00:47]} Bd6 {[%emt 0:00:03]} 7. Bd3 {[%emt 0:00:51]} O-O {[%emt 0:00:13]} 8.
Ne2 {[%emt 0:00:43]} Re8 {[%emt 0:00:23]} 9. O-O {[%emt 0:02:40]} Nd7 {[%emt 0:
00:31]} 10. Bf4 {[%emt 0:01:39]} Nf8 {[%emt 0:00:11]} 11. Qd2 {[%emt 0:02:47]}
Ng6 {[%emt 0:03:09]} 12. Bg3 {[%emt 0:05:02]} Be6 {[%emt 0:11:57]} 13. Rfe1 {
[%emt 0:04:55]} Qd7 {[%emt 0:06:58]} 14. Bxd6 {[%emt 0:11:07]} Qxd6 {[%emt 0:
00:12]} 15. Ng3 {[%emt 0:00:20]} Qf4 {[%emt 0:13:34]} 16. Re3 {[%emt 0:00:32]}
Rad8 {[%emt 0:05:29]} 17. Rd1 {[%emt 0:05:53]} Qc7 {[%emt 0:12:01]} 18. Qc2 {
[%emt 0:04:02]} Kh8 {[%emt 0:02:52]} 19. Bf1 {[%emt 0:13:26]} Ne7 {[%emt 0:07:
07]} 20. c4 {[%emt 0:16:54]} Rd7 {[%emt 0:04:03]} 21. Qc3 {[%emt 0:06:28]} Red8
{[%emt 0:00:26]} 22. Red3 {[%emt 0:02:58]} Qf4 {[%emt 0:03:23]} 23. Ne2 {
[%emt 0:00:32]} Qg4 {[%emt 0:00:52]} 24. h3 {[%emt 0:00:15]} Qh4 {[%emt 0:01:
42]} 25. g3 {[%emt 0:01:11]} Qh6 {[%emt 0:00:32]} 26. h4 {[%emt 0:02:24]} Bf5 {
[%emt 0:01:59]} 27. Re3 {[%emt 0:01:32]} Bg4 {[%emt 0:02:02]} 28. Rd2 {[%emt 0:
00:31]} Qg6 {[%emt 0:06:42]} 29. Red3 {[%emt 0:07:05]} Qh6 {[%emt 0:04:27]} 30.
Nf4 {[%emt 0:01:05]} Nf5 {[%emt 0:01:32]} 31. Ng2 {[%emt 0:01:19]} Nd6 {
[%emt 0:03:03]} 32. Re3 {[%emt 0:00:23]} g6 {[%emt 0:03:13]} 33. Nf4 {[%emt 0:
03:21]} Nf5 {[%emt 0:00:29]} 34. Re4 {[%emt 0:00:50]} Nd6 {[%emt 0:00:27]} 35.
Re1 {[%emt 0:00:39]} Nf5 {[%emt 0:01:28]} 36. d5 {[%emt 0:01:49]} Kg7 37. Re4 {
[%emt 0:01:03]} Nd6 {[%emt 0:01:20]} 38. Re1 {[%emt 0:00:35]} Nf5 {[%emt 0:00:
28]} 39. Re4 {[%emt 0:01:24]} Nd6 {[%emt 0:00:41]} 40. Re1 {[%emt 0:01:05]} Nf5
{[%emt 0:00:37]} 41. Be2 {[%emt 0:01:06]} Bxe2 {[%emt 0:00:45]} 42. Rdxe2 {
[%emt 0:01:18]} Nxh4 43. Re7 {[%emt 0:17:47]} Kg8 {[%emt 0:05:39]} 44. Rxd7 {
[%emt 0:02:53]} Rxd7 {[%emt 0:01:47]} 45. Re8+ {[%emt 0:00:04]} Kg7 {[%emt 0:
00:17]} 46. Qa3 {[%emt 0:00:07]} c5 {[%emt 0:00:55]} 47. Qxc5 {[%emt 0:00:47]}
f5 {[%emt 0:03:20]} 48. Qf8+ {[%emt 0:00:30]} 1-0

[Event "Sparkassen-Open A"]
[Site "Heusenstamm, Martinsee"]
[Date "2021.11.21"]
[Round "6.11"]
[White "Abel, Thomas"]
[Black "Eilenberg, Jonas"]
[Result "1-0"]
[WhiteElo "2334"]
[BlackElo "2124"]
[PlyCount "111"]
[EventDate "2021.??.??"]
[WhiteTeam "VL Bad Vilbel"]
[BlackTeam "Königsjäger Süd-West"]

{[%evp 0,18,17,15,29,19,19,19,30,9,13,12,17,13,20,-8,40,26,6,-4,-1]} 1. d4 {
[%emt 0:29:46]} e6 {[%emt 0:00:14]} 2. Nf3 {[%emt 0:00:54]} d5 {[%emt 0:00:11]}
3. Bf4 {[%emt 0:01:29]} Bd6 {[%emt 0:00:54]} 4. Bg3 {[%emt 0:00:32]} Nf6 {
[%emt 0:00:23]} 5. e3 {[%emt 0:00:07]} O-O {[%emt 0:00:42]} 6. Bd3 {[%emt 0:00:
21]} c5 {[%emt 0:00:21]} 7. c3 {[%emt 0:01:00]} Qc7 {[%emt 0:05:55]} 8. Nbd2 {
[%emt 0:00:33]} Nbd7 {[%emt 0:01:30]} 9. O-O {[%emt 0:08:46]} Bxg3 {[%emt 0:07:
19]} 10. hxg3 {[%emt 0:00:10]} b6 {[%emt 0:00:35]} 11. Qe2 {[%emt 0:07:08]} Bb7
{[%emt 0:04:36]} 12. Rad1 {[%emt 0:07:29]} e5 {[%emt 0:10:02]} 13. dxe5 {
[%emt 0:02:21]} Nxe5 {[%emt 0:00:15]} 14. Ba6 {[%emt 0:06:46]} Rfe8 {[%emt 0:
10:37]} 15. Nxe5 {[%emt 0:04:13]} Rxe5 {[%emt 0:02:57]} 16. Bxb7 {[%emt 0:00:
11]} Qxb7 {[%emt 0:00:13]} 17. Nf3 {[%emt 0:00:46]} Ree8 {[%emt 0:02:06]} 18.
Rd3 {[%emt 0:01:57]} a5 {[%emt 0:04:15]} 19. Rfd1 {[%emt 0:00:42]} a4 {[%emt 0:
02:56]} 20. a3 {[%emt 0:01:00]} Qa6 {[%emt 0:05:06]} 21. R3d2 {[%emt 0:08:38]}
b5 {[%emt 0:04:05]} 22. Nh4 {[%emt 0:03:32]} Rab8 {[%emt 0:02:45]} 23. Nf5 {
[%emt 0:05:01]} h5 {[%emt 0:05:46]} 24. Qf3 {[%emt 0:16:41]} Qe6 {[%emt 0:04:
21]} 25. Nh4 {[%emt 0:03:13]} g6 {[%emt 0:08:35]} 26. Qe2 {[%emt 0:02:53]} Kg7
{[%emt 0:00:35]} 27. Nf3 {[%emt 0:00:14]} Qe4 {[%emt 0:02:58]} 28. Ng5 {
[%emt 0:00:47]} Qe5 {[%emt 0:01:26]} 29. Nh3 {[%emt 0:00:58]} g5 {[%emt 0:02:
19]} 30. Kf1 {[%emt 0:02:33]} b4 {[%emt 0:03:35]} 31. cxb4 {[%emt 0:00:54]}
cxb4 {[%emt 0:00:27]} 32. Rd4 {[%emt 0:02:41]} bxa3 {[%emt 0:00:51]} 33. bxa3 {
[%emt 0:00:39]} Rb3 {[%emt 0:00:23]} 34. Rxa4 {[%emt 0:04:45]} Qf5 {[%emt 0:01:
19]} 35. Kg1 {[%emt 0:03:18]} Reb8 {[%emt 0:00:48]} 36. Rad4 {[%emt 0:02:07]}
Rxa3 {[%emt 0:01:07]} 37. Kh1 {[%emt 0:01:19]} Rab3 {[%emt 0:01:29]} 38. Ng1 {
[%emt 0:00:35]} g4 {[%emt 0:01:07]} 39. Qe1 {[%emt 0:00:28]} Rh8 {[%emt 0:02:
09]} 40. Ne2 {[%emt 0:00:39]} h4 {[%emt 0:00:26]} 41. Kg1 {[%emt 0:04:56]} Qh7
{[%emt 0:08:45]} 42. gxh4 {[%emt 0:09:47]} Qxh4 {[%emt 0:01:15]} 43. Ng3 {
[%emt 0:00:03]} Qh2+ {[%emt 0:01:23]} 44. Kf1 {[%emt 0:00:04]} Rb2 {[%emt 0:09:
40]} 45. R1d2 {[%emt 0:01:35]} Rxd2 {[%emt 0:01:26]} 46. Qxd2 {[%emt 0:00:10]}
Qh7 {[%emt 0:00:31]} 47. Qb2 {[%emt 0:01:46]} Kg6 {[%emt 0:08:15]} 48. Rf4 {
[%emt 0:00:42]} Qh4 {[%emt 0:01:18]} 49. Qc2+ {[%emt 0:01:59]} Ne4 {[%emt 0:00:
19]} 50. Nxe4 {[%emt 0:00:44]} Qh1+ {[%emt 0:00:08]} 51. Ke2 {[%emt 0:00:19]}
dxe4 {[%emt 0:00:09]} 52. Qxe4+ {[%emt 0:00:10]} Kg7 {[%emt 0:00:11]} 53. Rxg4+
{[%emt 0:00:37]} Kf8 {[%emt 0:00:46]} 54. Qb4+ {[%emt 0:00:37]} Ke8 {[%emt 0:
00:05]} 55. Re4+ {[%emt 0:00:08]} Kd7 {[%emt 0:00:26]} 56. Qd2+ {[%emt 0:00:51]
} 1-0

[Event "Sparkassen-Open A"]
[Site "Heusenstamm, Martinsee"]
[Date "2021.11.21"]
[Round "6.12"]
[White "Heimrath, Reiner"]
[Black "Podat, Vladimir"]
[Result "1-0"]
[WhiteElo "2169"]
[BlackElo "2311"]
[PlyCount "45"]
[EventDate "2021.??.??"]
[WhiteTeam "SC Noris-Tarrasch Nürnberg"]
[BlackTeam "SC Untergrombach"]

{[%evp 0,10,17,17,17,-16,-16,-27,-8,-8,-8,2,-74]} 1. e4 {[%emt 0:00:15]} e5 {
[%emt 0:00:16]} 2. d4 {[%emt 0:00:03]} exd4 {[%emt 0:00:08]} 3. Bc4 {[%emt 0:
00:39]} Nc6 4. Nf3 {[%emt 0:00:15]} Nf6 {[%emt 0:02:03]} 5. O-O {[%emt 0:00:36]
} Nxe4 {[%emt 0:01:05]} 6. Re1 {[%emt 0:00:16]} d5 {[%emt 0:00:13]} 7. Nc3 {
[%emt 0:00:06]} dxc4 {[%emt 0:06:13]} 8. Rxe4+ {[%emt 0:01:36]} Be6 {[%emt 0:
03:12]} 9. Nxd4 {[%emt 0:00:27]} Nxd4 {[%emt 0:00:11]} 10. Rxd4 {[%emt 0:00:09]
} Bd6 {[%emt 0:00:22]} 11. Bf4 {[%emt 0:00:07]} O-O {[%emt 0:00:17]} 12. Ne4 {
[%emt 0:06:49]} Qc8 {[%emt 0:00:42]} 13. Bxd6 {[%emt 0:00:26]} cxd6 14. Nxd6 {
[%emt 0:00:09]} Qc6 {[%emt 0:00:43]} 15. b3 {[%emt 0:00:45]} cxb3 {[%emt 0:15:
50]} 16. axb3 {[%emt 0:00:08]} h6 {[%emt 0:00:17]} 17. c4 {[%emt 0:01:07]} Qb6
{[%emt 0:11:15]} 18. Qd3 {[%emt 0:06:21]} Rfd8 {[%emt 0:01:39]} 19. Rd1 {
[%emt 0:06:08]} Rd7 {[%emt 0:04:34]} 20. h3 {[%emt 0:04:58]} Rad8 {[%emt 0:06:
32]} 21. Kh2 {[%emt 0:22:01]} Kf8 {[%emt 0:09:42]} 22. f4 {[%emt 0:02:50]} Ke7
23. Nc8+ 1-0